00712nam a2200229Ia 4500003000400000005001700004008004100021020002200062040000700084041000800091082002200099100003000121245003800151260004500189300001400234365001400248650003200262906002700294942001200321999001900333952013000352OSt20230411162123.0210423s2017 xx 000 0 und d a978-93-5053-567-7 cAL aeng a658.15 223bACHT aACHARYA (Bharat J)986531 aText book on financial management aNew DelhibCyber Tech Publicationsc2017 av,264bHB b1800cINR aFinancial Management986532 afinancial ; management 2ddccBK c169722d169722 001040708MCOMaSACPGbSACPGd2019-01-07eB B Booksg1800.00l0o658.15 ACHTpPG016224r2022-08-24 00:00:00w2021-04-26yBK